00346nam a2200133 4500003000400000008004100004020001800045082001800063100001600081245005300097260003500150300001500185650001200200OSt240703b |||||||| |||| 00| 0 eng d a9780061031014 a796.8120bFOH aFOLEY, Mick aHave A Nice Day: A Tale of Blood and Sweat-Socks aNew YorkbHarper Collinsc2010 axii, 748p. aGeneral